広島県の市町村 - Statistics

General Stats
  • This quiz has been taken 17 times
  • The average score is 21 of 23
Answer Stats
Answer % Correct
広島市
100%
三原市
100%
呉市
100%
東広島市
100%
福山市
100%
安芸高田市
100%
尾道市
100%
大竹市
100%
廿日市市
93%
三次市
93%
竹原市
93%
江田島市
93%
坂町
86%
熊野町
86%
安芸太田町
86%
神石高原町
86%
庄原市
86%
府中市
86%
海田町
86%
府中町
86%
北広島町
79%
世羅町
71%
大崎上島町
71%
No matching quizzes found
Score Distribution
Percent of People with Each Score
Percentile by Number Answered
Your Score History
You have not taken this quiz